Detection of COVID-19 from Chest X-ray Images with Convolutional Neural Networks
Gespeichert in:
| 1. Verfasser: | |
|---|---|
| Weitere Verfasser: | |
| Format: | Manuskript Buch |
| Sprache: | Slowakisch Englisch |
| Veröffentlicht: |
Bratislava :
STU v Bratislave FEI,
2023
|
| Schlagworte: | |
| Online-Zugang: | https://opac.crzp.sk/?fn=detailBiblioFormChildE5SFK&sid=C0DEB8E07572332BA3270B15805F&seo=CRZP-detail-kniha |
| Tags: |
Keine Tags, Fügen Sie das erste Tag hinzu!
|
MARC
| LEADER | 00000ntm a22000003a 4500 | ||
|---|---|---|---|
| 001 | stuzp92172 | ||
| 003 | SK-STU | ||
| 005 | 20241127093322.1 | ||
| 007 | ta | ||
| 008 | 150427s2015----xo-----f-mn---000-0-slo-d | ||
| 040 | |a STU |b slo | ||
| 041 | 0 | |a eng | |
| 044 | |a xo | ||
| 100 | 1 | |a Hammad, Amjad A. I. |u 037000 |4 aut |U FEI Fakulta elektrotechniky a informatiky |T FEI Ústav multimediálnych informačných a komunikačných technológií |X 92768 |U E070 |Y 818 |7 92768 | |
| 242 | 0 | 1 | |a Detekcia COVID-19 z rentgenových snímkov hrudníka s využitím Konvolučných neurónových sietí |y slo |
| 245 | 1 | 0 | |a Detection of COVID-19 from Chest X-ray Images with Convolutional Neural Networks |
| 260 | |a Bratislava : |b STU v Bratislave FEI, |c 2023 | ||
| 300 | |a 64 s. | ||
| 650 | 4 | |a konvolučné neurónové siete (CNN) |2 slo | |
| 650 | 4 | |a COVID-19 |2 slo | |
| 650 | 4 | |a hlboké učenie |2 slo | |
| 650 | 4 | |a prenosové učenie |2 slo | |
| 650 | 4 | |a COVID-19 |2 eng | |
| 650 | 4 | |a Deep Learning |2 eng | |
| 650 | 4 | |a X-rays |2 eng | |
| 650 | 4 | |a Convolutional Neural Networks (CNN) |2 eng | |
| 650 | 4 | |a transfer learning |2 eng | |
| 700 | 1 | |a Vargic, Radoslav |u 037000 |k Z1 |4 ths |U FEI Fakulta elektrotechniky a informatiky |T FEI Ústav multimediálnych informačných a komunikačných technológií |X 1918 |U E070 |Y 818 |7 A000001918 | |
| 856 | 4 | |u https://opac.crzp.sk/?fn=detailBiblioFormChildE5SFK&sid=C0DEB8E07572332BA3270B15805F&seo=CRZP-detail-kniha | |